=LDR 00000nam 2200000 4500 =001 INLIS000000000012214 =005 20130612103743 =008 ***********************************Ind** =035 ##$$0010-061300000012214 =041 ##$$a Ind =082 ##$$a 550.07 =090 ##$$a Besari, Ismail =245 ##$$a Uraian materi Pelajaran IPA Fisika untuk SLTP, Ismail Basari =260 ##$$a 1995 $b Bandung =300 ##$$a ...Jil, 248, 21 cm =650 ##$$a IPA Fisika =650 ##$$a Studi dan pengajaran =850 ##$$a NBPNMAT